Statistiques concernant Pays demi-finalistes de la Coupe du Monde de football

Cliquez ici pour prendre le quiz!

Statistiques générales

  • Ce quiz a été pris 1 998 fois
  • Le résultat moyen est 18 sur 24

Statistiques - réponses

Nombre de demi-finalesAnnée(s)Pays% Correct
131934,1954,1958,66,70,74,82,86,90,2002,2006,2010,2014Allemagne
99%
111938,1950,1958,1962,1970,1974,1978,1994,1998,2002,2014Brésil
99%
51958,1982,1986,1998,2006France
99%
51930,1978,1986,1990,2014Argentine
98%
81934,1938,1970,1978,1982,1990,1994,2006Italie
97%
21950,2010Espagne
95%
51974,1978,1998,2010,2014Pays-Bas
92%
51930,1950,1954,1970,2010Uruguay
92%
21966,1990Angleterre
90%
21966,2006Portugal
88%
11998Croatie
84%
11986Belgique
80%
11966Union soviétique
80%
41938,1950,1958,1994Suède
76%
12002Corée du Sud
68%
11930Etats-Unis
67%
11962Chili
64%
21938,1954Hongrie
61%
12002Turquie
61%
21930,1962Yougoslavie
60%
21974,1982Pologne
58%
21934,1962Tchécoslovaquie
57%
21934,1954Autriche
44%
11994Bulgarie
41%

Distribution des résultats

Percentile par nombre de réponses

% des personnes avec chaque résultat

Votre développement - résultats

Vous n’avez pas pris ce quiz